[Event "Titled Tuesday intern op 04th Oct Early"]
[Site "Chess.com INT"]
[Date "2022.10.04"]
[Round "4"]
[White "Tin, Jingyao"]
[Black "Khabinets, Ivan"]
[Result "1/2-1/2"]
[WhiteElo "2562"]
[BlackElo "1980"]
[PlyCount "93"]
[EventDate "2022.10.04"]
[EventType "swiss (blitz)"]
[EventRounds "11"]
[EventCountry "USA"]
[SourceTitle "EXT 2023"]
[Source "ChessBase"]
[SourceDate "2022.10.05"]
[SourceVersion "1"]
[SourceVersionDate "2022.10.05"]
[SourceQuality "1"]

1. d4 Nf6 2. c4 e6 3. Nf3 Bb4+ 4. Nbd2 d5 5. a3 Be7 6. g3 0-0 7. Bg2 b6 8. 0-0 Bb7 9. b4 Nbd7 10. c5 Ne4 11. Nxe4 dxe4 12. Nd2 f5 13. Bb2 Nf6 14. Nc4 Bd5 15. Ne5 Nd7 16. Nxd7 Qxd7 17. e3 a5 18. Qe2 axb4 19. axb4 b5 20. Rfc1 c6 21. Bc3 Qb7 22. Qb2 Rxa1 23. Rxa1 Ra8 24. Ra3 Bd8 25. Bf1 Bc7 26. Qa1 Rxa3 27. Qxa3 Bb8 28. Be2 Qa7 29. Qa5 Qc7 30. Qa6 Kf7 31. Kg2 Ke7 32. Bd1 Kd7 33. h4 Qa7 34. Qxa7+ Bxa7 35. g4 Bb8 36. Bd2 Ke7 37. g5 e5 38. Bc3 Ke6 39. dxe5 Bxe5 40. Bxe5 Kxe5 41. Kg3 Bc4 42. h5 g6 43. h6 Bd5 44. Be2 Bc4 45. Bd1 Bd5 46. Bc2 Bc4 47. Bd1 1/2-1/2

[Event "Titled Tuesday intern op 04th Oct Early"]
[Site "Chess.com INT"]
[Date "2022.10.04"]
[Round "8"]
[White "Vaibhav, Jayant Raut"]
[Black "Khabinets, Ivan"]
[Result "1-0"]
[WhiteElo "2247"]
[BlackElo "1980"]
[PlyCount "141"]
[EventDate "2022.10.04"]
[EventType "swiss (blitz)"]
[EventRounds "11"]
[EventCountry "USA"]
[SourceTitle "EXT 2023"]
[Source "ChessBase"]
[SourceDate "2022.10.05"]
[SourceVersion "1"]
[SourceVersionDate "2022.10.05"]
[SourceQuality "1"]

1. Nf3 d5 2. g3 g6 3. Bg2 Bg7 4. d4 Nf6 5. 0-0 0-0 6. c4 dxc4 7. Qa4 c6 8. Qxc4 Be6 9. Qc2 Bf5 10. Qb3 Qb6 11. Nc3 Ne4 12. Bf4 Nd7 13. Rfd1 Rfe8 14. Rac1 Nxc3 15. bxc3 Be4 16. Qc4 Bd5 17. Qd3 Bxf3 18. Qxf3 e5 19. dxe5 Nxe5 20. Bxe5 Bxe5 21. Rd7 Rf8 22. Rcd1 Rad8 23. Bh3 Rxd7 24. Rxd7 Kg7 25. Be6 Bf6 26. Bb3 a5 27. Qd3 Qc5 28. Rxb7 Bxc3 29. e3 Be1 30. Rc7 Qb5 31. Qd4+ Kg8 32. Qf6 Qf5 33. Rxf7 Qxf6 34. Rxf6+ Kg7 35. Rxf8 Kxf8 36. Kf1 Bb4 37. Ke2 Ke7 38. Kd3 h6 39. f4 Bc5 40. Ke2 Kf6 41. Bc2 Bb6 42. Ba4 c5 43. Bb3 Kf5 44. Kf3 Kf6 45. e4 Bc7 46. e5+ Ke7 47. Ke4 Bb6 48. h4 h5 49. Bc2 Ke6 50. Bb3+ Ke7 51. Kf3 Ba7 52. Bc2 Kf7 53. g4 hxg4+ 54. Kxg4 c4 55. Kg5 Be3 56. Bxg6+ Kg7 57. Bc2 c3 58. h5 Kf7 59. h6 Bc5 60. h7 Kg7 61. Kg4 a4 62. Kf3 a3 63. Ke2 Bb6 64. Be4 Ba7 65. Kd3 Bf2 66. e6 c2 67. Kxc2 Bc5 68. Kb3 Bd6 69. Kc4 Be7 70. Kb5 Kf6 71. h8Q+ 1-0

[Event "Titled Tuesday intern op 09th Aug Early"]
[Site "Chess.com INT"]
[Date "2022.08.09"]
[Round "2"]
[White "Khabinets, Ivan"]
[Black "Kamsky, Gata"]
[Result "1/2-1/2"]
[WhiteElo "1980"]
[BlackElo "2666"]
[PlyCount "108"]
[EventDate "2022.08.09"]
[EventType "swiss (blitz)"]
[EventRounds "11"]
[EventCountry "USA"]
[SourceTitle "EXT 2023"]
[Source "ChessBase"]
[SourceDate "2022.10.05"]
[SourceVersion "1"]
[SourceVersionDate "2022.10.05"]
[SourceQuality "1"]

1. e4 e5 2. Nf3 Nc6 3. Bb5 a6 4. Ba4 Nf6 5. Nc3 b5 6. Bb3 Be7 7. 0-0 d6 8. d3 Na5 9. Nd5 Nxb3 10. Nxf6+ Bxf6 11. axb3 0-0 12. Be3 Bb7 13. Nd2 Be7 14. f4 exf4 15. Bxf4 f5 16. Qe2 Qd7 17. Rae1 Rae8 18. e5 g5 19. e6 Qc6 20. Be3 f4 21. Bd4 Qd5 22. Qe4 c5 23. Bf2 Bf6 24. c4 Qxe4 25. Nxe4 Rxe6 26. Nxf6+ Rfxf6 27. Rxe6 Rxe6 28. Re1 Kf7 29. g3 Rf6 30. Re2 Bc8 31. Re1 Bh3 32. Ra1 Re6 33. Re1 f3 34. Rxe6 Kxe6 35. Be3 h6 36. Kf2 Bf5 37. d4 cxd4 38. Bxd4 Be4 39. Ke3 Kf5 40. g4+ Kxg4 41. Kxe4 h5 42. Kd5 Kh3 43. Kxd6 g4 44. c5 Kxh2 45. c6 g3 46. c7 f2 47. c8Q f1Q 48. Qe8 Qd3 49. Qxh5+ Kg2 50. Qd5+ Kh3 51. Qh1+ Kg4 52. Qd5 Kh3 53. Qh5+ Kg2 54. Qd5+ Kh3 1/2-1/2

[Event "Titled Tuesday intern op 09th Aug Early"]
[Site "Chess.com INT"]
[Date "2022.08.09"]
[Round "10"]
[White "Khabinets, Ivan"]
[Black "Karttunen, Mika"]
[Result "1-0"]
[WhiteElo "1980"]
[BlackElo "2496"]
[PlyCount "99"]
[EventDate "2022.08.09"]
[EventType "swiss (blitz)"]
[EventRounds "11"]
[EventCountry "USA"]
[SourceTitle "EXT 2023"]
[Source "ChessBase"]
[SourceDate "2022.10.05"]
[SourceVersion "1"]
[SourceVersionDate "2022.10.05"]
[SourceQuality "1"]

1. e4 c5 2. Nf3 d6 3. Bb5+ Nc6 4. 0-0 Bd7 5. c3 a6 6. Ba4 Ne5 7. Bc2 Bg4 8. d4 Nxf3+ 9. gxf3 Bh3 10. Re1 Rc8 11. Bd3 e5 12. dxe5 dxe5 13. Bf1 Be6 14. Qxd8+ Rxd8 15. Be3 Nf6 16. Nd2 Be7 17. Nc4 Nd7 18. Rad1 0-0 19. Nd6 Rb8 20. Bc4 Bxc4 21. Nxc4 Rfd8 22. Rd5 f6 23. Red1 Nf8 24. Rxd8 Rxd8 25. Rxd8 Bxd8 26. Bxc5 Ne6 27. Be3 Bc7 28. Kf1 b5 29. Nd2 g5 30. c4 Kf7 31. cxb5 axb5 32. Ke2 Ke7 33. Kd3 Kd6 34. b4 Kc6 35. Nb3 Bd6 36. a3 h5 37. Na5+ Kc7 38. Kc3 h4 39. h3 Nf8 40. Kb3 Nd7 41. a4 bxa4+ 42. Kxa4 Nf8 43. Kb5 Ne6 44. Nc4 Be7 45. Nb6 Kd6 46. Bc5+ Nxc5 47. bxc5+ Kc7 48. Nd5+ Kd7 49. c6+ Ke6 50. Nxe7 1-0

[Event "Titled Tuesday intern op 09th Aug Early"]
[Site "Chess.com INT"]
[Date "2022.08.09"]
[Round "6"]
[White "Khabinets, Ivan"]
[Black "Winterberg, Lukas"]
[Result "1-0"]
[WhiteElo "1980"]
[BlackElo "2394"]
[PlyCount "49"]
[EventDate "2022.08.09"]
[EventType "swiss (blitz)"]
[EventRounds "11"]
[EventCountry "USA"]
[SourceTitle "EXT 2023"]
[Source "ChessBase"]
[SourceDate "2022.10.05"]
[SourceVersion "1"]
[SourceVersionDate "2022.10.05"]
[SourceQuality "1"]

1. e4 e6 2. d4 d5 3. Nd2 c5 4. exd5 Qxd5 5. Ngf3 cxd4 6. Bc4 Qd7 7. 0-0 Nc6 8. Nb3 a6 9. Nbxd4 Nxd4 10. Nxd4 Qc7 11. Be2 Nf6 12. c3 Be7 13. Re1 0-0 14. Bf3 e5 15. Nb3 Bf5 16. Be3 Rad8 17. Qc1 Ng4 18. h3 Nxe3 19. Qxe3 f6 20. Rad1 Rxd1 21. Rxd1 Rd8 22. Rxd8+ Bxd8 23. Qc5 b6 24. Bd5+ Kh8 25. Qf8# 1-0

[Event "Titled Tuesday intern op 09th Aug Early"]
[Site "Chess.com INT"]
[Date "2022.08.09"]
[Round "7"]
[White "Szpar, Milosz"]
[Black "Khabinets, Ivan"]
[Result "1/2-1/2"]
[WhiteElo "2442"]
[BlackElo "1980"]
[PlyCount "126"]
[EventDate "2022.08.09"]
[EventType "swiss (blitz)"]
[EventRounds "11"]
[EventCountry "USA"]
[SourceTitle "EXT 2023"]
[Source "ChessBase"]
[SourceDate "2022.10.05"]
[SourceVersion "1"]
[SourceVersionDate "2022.10.05"]
[SourceQuality "1"]

1. e4 c5 2. Nf3 Nc6 3. Bb5 Nf6 4. Nc3 g6 5. Bxc6 dxc6 6. e5 Nd5 7. Ne4 b6 8. h3 Bg7 9. d3 h6 10. g4 f5 11. gxf5 Bxf5 12. Qe2 Qd7 13. Bd2 0-0-0 14. 0-0-0 Rhf8 15. c4 Nc7 16. Bc3 Bxh3 17. e6 Nxe6 18. Bxg7 Nxg7 19. Ne5 Qe6 20. Nxg6 Bg4 21. Nxf8 Rxf8 22. f3 Rxf3 23. Rdf1 Qf5 24. Nd2 Rxf1+ 25. Qxf1 Qxf1+ 26. Rxf1 Nf5 27. Ne4 h5 28. Kd2 Kd7 29. a3 Ke6 30. b4 cxb4 31. axb4 Nd4 32. Kc3 Ke5 33. Ra1 h4 34. Rxa7 Nf5 35. Nf2 Bf3 36. Rb7 Kf4 37. Kd2 Kg3 38. Ke1 Nd4 39. Rxe7 Nc2+ 40. Kf1 Bg2+ 41. Kg1 h3 42. Rg7+ Kf3 43. Rf7+ Ke3 44. Re7+ Kd4 45. Kh2 Nxb4 46. Rb7 Nxd3 47. Rd7+ Kxc4 48. Nxd3 b5 49. Ne5+ Kc3 50. Kg3 b4 51. Rd3+ Kc2 52. Rd4 b3 53. Rc4+ Kd2 54. Rb4 Kc3 55. Rc4+ Kd2 56. Rb4 Bd5 57. Nf3+ Bxf3 58. Rxb3 Bg2 59. Rb6 c5 60. Rc6 c4 61. Rxc4 Ke3 62. Rh4 Ke2 63. Rxh3 Bxh3 1/2-1/2

[Event "Titled Tuesday intern op 02nd Aug Early"]
[Site "Chess.com INT"]
[Date "2022.08.02"]
[Round "10"]
[White "Khabinets, Ivan"]
[Black "Devaev, Alexander"]
[Result "1-0"]
[WhiteElo "1980"]
[BlackElo "2325"]
[PlyCount "93"]
[EventDate "2022.08.02"]
[EventType "swiss (blitz)"]
[EventRounds "11"]
[EventCountry "USA"]
[SourceTitle "EXT 2023"]
[Source "ChessBase"]
[SourceDate "2022.10.05"]
[SourceVersion "1"]
[SourceVersionDate "2022.10.05"]
[SourceQuality "1"]

1. e4 c6 2. d4 d5 3. e5 Bf5 4. Nf3 e6 5. Be2 Nd7 6. 0-0 a6 7. c3 h6 8. Na3 Bxa3 9. bxa3 b5 10. a4 Ne7 11. Ba3 Nb6 12. axb5 axb5 13. Bb4 0-0 14. Nd2 Re8 15. Nb3 Nc4 16. Nc5 Nc8 17. a4 bxa4 18. Nxa4 N8b6 19. Nc5 Nd7 20. Rxa8 Qxa8 21. Nxd7 Qa2 22. Bxc4 Qxc4 23. Qa4 Kh7 24. Nb6 Qe2 25. Qd1 Qb5 26. Nd7 Ra8 27. Nc5 Ra2 28. f3 Qc4 29. Rf2 Ra7 30. g4 Bg6 31. Kg2 Qb5 32. Qe2 Qb8 33. h4 h5 34. gxh5 Bxh5 35. Nd3 Qd8 36. Qe3 Qxh4 37. Qf4 Qd8 38. Kg3 Bg6 39. Rh2+ Kg8 40. Nf2 Ra1 41. Qh4 Rg1+ 42. Kf4 Qxh4+ 43. Rxh4 f6 44. Rh1 Rg2 45. Ng4 Kf7 46. exf6 gxf6 47. Ra1 1-0

[Event "Titled Tuesday intern op 02nd Aug Early"]
[Site "Chess.com INT"]
[Date "2022.08.02"]
[Round "3"]
[White "Khabinets, Ivan"]
[Black "Ismayil, Malak"]
[Result "0-1"]
[WhiteElo "1980"]
[BlackElo "1941"]
[PlyCount "106"]
[EventDate "2022.08.02"]
[EventType "swiss (blitz)"]
[EventRounds "11"]
[EventCountry "USA"]
[SourceTitle "EXT 2023"]
[Source "ChessBase"]
[SourceDate "2022.10.05"]
[SourceVersion "1"]
[SourceVersionDate "2022.10.05"]
[SourceQuality "1"]

1. e4 e5 2. Nf3 Nc6 3. Bb5 a6 4. Ba4 Nf6 5. Nc3 b5 6. Bb3 Be7 7. 0-0 0-0 8. d3 d6 9. h3 h6 10. a3 Be6 11. Bxe6 fxe6 12. d4 exd4 13. Nxd4 Nxd4 14. Qxd4 e5 15. Qd3 Nh5 16. g3 Bg5 17. Kh2 Rf7 18. Nd5 Bxc1 19. Raxc1 Qg5 20. f4 exf4 21. gxf4 Nxf4 22. Nxf4 Rxf4 23. Rg1 Qe5 24. Kh1 Qxe4+ 25. Qxe4 Rxe4 26. Rg2 Rae8 27. Rcg1 R8e7 28. Kh2 Re2 29. Kg3 Rxg2+ 30. Rxg2 Kf7 31. Kf3 Kf6 32. Rg1 Kf5 33. Rd1 Re5 34. Rg1 g5 35. Rd1 h5 36. Rg1 d5 37. c3 c5 38. b4 c4 39. Rd1 Ke6 40. Ra1 Rf5+ 41. Ke3 g4 42. hxg4 hxg4 43. Rh1 Ke5 44. Rh6 Rf3+ 45. Kd2 Rf2+ 46. Ke3 Rf3+ 47. Kd2 Rd3+ 48. Kc2 g3 49. Rxa6 Kf4 50. a4 g2 51. Rg6 Rg3 52. Rf6+ Ke5 53. Rg6 Rxg6 0-1

[Event "Titled Tuesday intern op 21st Jun Early"]
[Site "Chess.com INT"]
[Date "2022.06.21"]
[Round "6"]
[White "Antonio, Jorge Carlos"]
[Black "Khabinets, Ivan"]
[Result "0-1"]
[WhiteElo "2277"]
[BlackElo "1980"]
[PlyCount "98"]
[EventDate "2022.06.21"]
[EventType "swiss (blitz)"]
[EventRounds "11"]
[EventCountry "USA"]
[SourceTitle "EXT 2023"]
[Source "ChessBase"]
[SourceDate "2022.10.05"]
[SourceVersion "1"]
[SourceVersionDate "2022.10.05"]
[SourceQuality "1"]

1. d4 d5 2. Nf3 e6 3. Bf4 Nf6 4. e3 Bd6 5. Ne5 0-0 6. Bd3 c5 7. c3 Nc6 8. Nxc6 bxc6 9. Bxd6 Qxd6 10. 0-0 Rb8 11. b3 cxd4 12. cxd4 c5 13. dxc5 Qxc5 14. Nd2 Bd7 15. Rc1 Qa5 16. Qc2 h6 17. Qb2 Rfc8 18. a3 Bb5 19. Bxb5 Qxb5 20. b4 a5 21. Nf3 axb4 22. Rxc8+ Rxc8 23. Qxb4 Qa6 24. Ra1 Ne4 25. h3 Rc2 26. a4 Rxf2 27. Qb8+ Kh7 28. Qe8 Qe2 29. Ne1 Rf1+ 30. Kh2 Rxe1 31. Rxe1 Qxe1 32. Qxf7 Qg3+ 33. Kg1 Qxe3+ 34. Kh2 d4 35. Qxe6 Qf4+ 36. Kg1 d3 37. Qd5 d2 38. a5 Qe3+ 39. Kh2 Qf4+ 40. Kg1 Qf2+ 41. Kh2 Qg3+ 42. Kg1 Qe1+ 43. Kh2 Nf6 44. Qf5+ Kh8 45. Qc8+ Ne8 46. a6 d1Q 47. a7 Qd5 48. a8Q Qde5+ 49. g3 Q5xg3# 0-1

[Event "Titled Tuesday intern op 21st Jun Early"]
[Site "Chess.com INT"]
[Date "2022.06.21"]
[Round "5"]
[White "Khabinets, Ivan"]
[Black "Einarsson, Halldor Gretar"]
[Result "1-0"]
[WhiteElo "1980"]
[BlackElo "2226"]
[PlyCount "73"]
[EventDate "2022.06.21"]
[EventType "swiss (blitz)"]
[EventRounds "11"]
[EventCountry "USA"]
[SourceTitle "EXT 2023"]
[Source "ChessBase"]
[SourceDate "2022.10.05"]
[SourceVersion "1"]
[SourceVersionDate "2022.10.05"]
[SourceQuality "1"]

1. c4 c5 2. Nc3 Nc6 3. Nf3 Nf6 4. g3 g6 5. Bg2 Bg7 6. d4 cxd4 7. Nxd4 Nxd4 8. Qxd4 0-0 9. 0-0 d6 10. e4 Be6 11. Qd3 Rc8 12. b3 b5 13. Nxb5 Nxe4 14. Nd4 Nc5 15. Qe3 Qd7 16. Re1 Rfe8 17. Bb2 Bh3 18. Bh1 e5 19. Nb5 a6 20. Nc3 Ne6 21. Nd5 Rb8 22. Rad1 f5 23. Nb6 Qc7 24. Nd5 Qf7 25. Qd2 f4 26. Be4 Rf8 27. Bc3 Ng5 28. Bh1 h6 29. gxf4 exf4 30. Bxg7 Kxg7 31. Re7 Rbe8 32. Rde1 Kg8 33. Rxf7 Rxe1+ 34. Qxe1 Kxf7 35. Qe7+ Kg8 36. Nf6+ Rxf6 37. Qxf6 1-0

[Event "Titled Tuesday intern op 21st Jun Early"]
[Site "Chess.com INT"]
[Date "2022.06.21"]
[Round "7"]
[White "Khabinets, Ivan"]
[Black "Rosenberg, Evan"]
[Result "1-0"]
[WhiteElo "1980"]
[BlackElo "2016"]
[PlyCount "63"]
[EventDate "2022.06.21"]
[EventType "swiss (blitz)"]
[EventRounds "11"]
[EventCountry "USA"]
[SourceTitle "EXT 2023"]
[Source "ChessBase"]
[SourceDate "2022.10.05"]
[SourceVersion "1"]
[SourceVersionDate "2022.10.05"]
[SourceQuality "1"]

1. c4 e6 2. g3 Nf6 3. Bg2 d5 4. d4 Bb4+ 5. Nd2 0-0 6. Ngf3 dxc4 7. 0-0 Bxd2 8. Bxd2 b5 9. Ne5 Nd5 10. a4 c6 11. e4 Nf6 12. Bb4 Re8 13. b3 cxb3 14. Qxb3 Qxd4 15. Bc3 Qb6 16. Rab1 Nbd7 17. Nxd7 Bxd7 18. Rfd1 e5 19. Qb2 Bg4 20. Re1 Rad8 21. Bxe5 h5 22. h3 Be6 23. Bxf6 gxf6 24. Qxf6 Rd2 25. Qg5+ Kf8 26. Qxd2 Rd8 27. Qh6+ Ke7 28. Qg5+ f6 29. Qg7+ Bf7 30. e5 Rd2 31. exf6+ Kd7 32. Qxf7+ 1-0

[Event "Titled Tuesday intern op 10th May Early"]
[Site "Chess.com INT"]
[Date "2022.05.10"]
[Round "3"]
[White "Khabinets, Ivan"]
[Black "Yilmaz, Mustafa"]
[Result "0-1"]
[WhiteElo "1980"]
[BlackElo "2631"]
[PlyCount "74"]
[EventDate "2022.05.10"]
[EventType "swiss (blitz)"]
[EventRounds "11"]
[EventCountry "USA"]
[SourceTitle "CBM 208 Extra"]
[Source "ChessBase"]
[SourceDate "2022.07.31"]
[SourceVersion "1"]
[SourceVersionDate "2022.07.31"]
[SourceQuality "1"]

1. e4 c5 2. Nf3 d6 3. d4 cxd4 4. Nxd4 Nf6 5. Nc3 a6 6. h3 e6 7. g4 Be7 8. Bg2 Nfd7 9. Be3 Nc6 10. Nde2 b5 11. e5 d5 12. f4 Bh4+ 13. Kf1 b4 14. Nxd5 exd5 15. Qxd5 Bb7 16. Rd1 Rc8 17. c3 Ba8 18. Qd6 Be7 19. Qd3 Nc5 20. Qb1 Qb6 21. Nd4 0-0 22. Nf5 Rfe8 23. c4 Bf8 24. Nd6 Bxd6 25. Rxd6 Qa5 26. b3 f6 27. Bd5+ Kh8 28. e6 Ne7 29. Bxa8 Rxa8 30. f5 Qc7 31. Rd1 Qc6 32. Kf2 Rad8 33. Rxd8 Rxd8 34. Rd1 Ne4+ 35. Ke2 Nc3+ 36. Kf2 Rxd1 37. Qe4 Qxe4 0-1

[Event "Titled Tuesday intern op 10th May Early"]
[Site "Chess.com INT"]
[Date "2022.05.10"]
[Round "5"]
[White "Legenia, Artem"]
[Black "Khabinets, Ivan"]
[Result "0-1"]
[WhiteElo "2092"]
[BlackElo "1980"]
[PlyCount "92"]
[EventDate "2022.05.10"]
[EventType "swiss (blitz)"]
[EventRounds "11"]
[EventCountry "USA"]
[SourceTitle "CBM 208 Extra"]
[Source "ChessBase"]
[SourceDate "2022.07.31"]
[SourceVersion "1"]
[SourceVersionDate "2022.07.31"]
[SourceQuality "1"]

1. d4 d5 2. Nf3 e6 3. Bf4 Nf6 4. e3 Bd6 5. Bg3 0-0 6. Bd3 c5 7. c3 Nc6 8. 0-0 Be7 9. h3 Bd6 10. Bxd6 Qxd6 11. Nbd2 e5 12. dxe5 Nxe5 13. Nxe5 Qxe5 14. Qf3 Re8 15. Rfe1 Ne4 16. Bxe4 dxe4 17. Qf4 Qxf4 18. exf4 f5 19. Rad1 b6 20. Nf1 Ba6 21. Ne3 g6 22. Rd7 Red8 23. Red1 Bd3 24. Nd5 Rxd7 25. Nf6+ Kf7 26. Nxd7 Ke6 27. Ne5 Rd8 28. h4 Kf6 29. f3 h6 30. Kf2 g5 31. hxg5+ hxg5 32. fxe4 gxf4 33. Nxd3 fxe4 34. Ke2 Rxd3 35. Rxd3 exd3+ 36. Kxd3 Kf5 37. Ke2 Ke4 38. Kf2 c4 39. Ke2 b5 40. Kf2 Kd3 41. Kf3 Kc2 42. Kxf4 Kxb2 43. g4 b4 44. cxb4 c3 45. g5 c2 46. g6 c1Q+ 0-1

[Event "Titled Tuesday intern op 10th May Early"]
[Site "Chess.com INT"]
[Date "2022.05.10"]
[Round "1"]
[White "Levine, David M"]
[Black "Khabinets, Ivan"]
[Result "0-1"]
[WhiteElo "2068"]
[BlackElo "1980"]
[PlyCount "74"]
[EventDate "2022.05.10"]
[EventType "swiss (blitz)"]
[EventRounds "11"]
[EventCountry "USA"]
[SourceTitle "CBM 208 Extra"]
[Source "ChessBase"]
[SourceDate "2022.07.31"]
[SourceVersion "1"]
[SourceVersionDate "2022.07.31"]
[SourceQuality "1"]

1. d4 d5 2. c4 e6 3. g3 Nf6 4. Bg2 Be7 5. Nf3 0-0 6. 0-0 dxc4 7. Qc2 b5 8. a4 Bb7 9. axb5 a6 10. Nc3 axb5 11. Rxa8 Bxa8 12. Nxb5 Bd5 13. Nc3 Bxf3 14. Bxf3 c5 15. dxc5 Bxc5 16. Bg5 Nbd7 17. Ne4 Be7 18. Qxc4 Ne5 19. Qc2 Nxf3+ 20. exf3 Nd5 21. Bd2 Qb6 22. Rb1 Qb7 23. Qc4 Rc8 24. Qd3 Rd8 25. Qc4 h6 26. b4 Nb6 27. Qc2 Qd5 28. Be3 Nc4 29. Bc5 Bxc5 30. Nxc5 Na3 31. Qb3 Nxb1 32. Qxb1 Rb8 33. Qe1 Qc4 34. Qe4 Rxb4 35. Qa8+ Kh7 36. Nd7 Rb1+ 37. Kg2 Qf1# 0-1

[Event "Titled Tuesday intern op 10th May Early"]
[Site "Chess.com INT"]
[Date "2022.05.10"]
[Round "2"]
[White "Molina, Roberto Junio Brito"]
[Black "Khabinets, Ivan"]
[Result "0-1"]
[WhiteElo "2400"]
[BlackElo "1980"]
[PlyCount "98"]
[EventDate "2022.05.10"]
[EventType "swiss (blitz)"]
[EventRounds "11"]
[EventCountry "USA"]
[SourceTitle "CBM 208 Extra"]
[Source "ChessBase"]
[SourceDate "2022.07.31"]
[SourceVersion "1"]
[SourceVersionDate "2022.07.31"]
[SourceQuality "1"]

1. d4 d5 2. c4 e6 3. Nc3 a6 4. c5 Nc6 5. Nf3 e5 6. dxe5 d4 7. Ne4 Qd5 8. Qc2 Bf5 9. Nd6+ Bxd6 10. Qxf5 Bxc5 11. a3 Nge7 12. Qc2 Nxe5 13. Bf4 d3 14. Qd2 Nxf3+ 15. exf3 0-0-0 16. 0-0-0 Qc4+ 17. Kb1 Qb3 18. Bxd3 Bxa3 19. Qc1 Bd6 20. Bxd6 Rxd6 21. Bc4 Qb6 22. Rxd6 Qxd6 23. Bxf7 Rd8 24. Qc2 Qf4 25. Be6+ Kb8 26. Rd1 Rxd1+ 27. Qxd1 Nc6 28. g3 Qe5 29. Bd5 Nd4 30. Be4 g6 31. Qd3 c6 32. f4 Qc5 33. h4 a5 34. h5 gxh5 35. Bxh7 a4 36. Be4 Qb4 37. Qc3 Qb6 38. f5 Nb5 39. Qd3 a3 40. bxa3 Nxa3+ 41. Kc1 Qc5+ 42. Kd1 Nc4 43. Ke2 Ne5 44. Qd8+ Ka7 45. Qd2 Ng4 46. Qf4 Qc4+ 47. Ke1 Qc3+ 48. Kf1 Qd4 49. Kg2 b5 0-1

[Event "Titled Tuesday intern op 03rd May Early"]
[Site "Chess.com INT"]
[Date "2022.05.03"]
[Round "9"]
[White "Khabinets, Ivan"]
[Black "Silvestre, Christian"]
[Result "1/2-1/2"]
[WhiteElo "1980"]
[BlackElo "1942"]
[PlyCount "262"]
[EventDate "2022.05.03"]
[EventType "swiss (blitz)"]
[EventRounds "11"]
[EventCountry "USA"]
[SourceTitle "CBM 208 Extra"]
[Source "ChessBase"]
[SourceDate "2022.07.31"]
[SourceVersion "1"]
[SourceVersionDate "2022.07.31"]
[SourceQuality "1"]

1. d4 Nf6 2. c4 d6 3. Nc3 g6 4. e4 Bg7 5. Nf3 0-0 6. Be2 e5 7. 0-0 Nc6 8. d5 Ne7 9. Ne1 Nd7 10. f3 f5 11. Nd3 Nf6 12. Be3 f4 13. Bf2 g5 14. c5 Rf7 15. Rc1 h5 16. cxd6 cxd6 17. Nb5 Ng6 18. Nxa7 Bd7 19. Qb3 g4 20. Nb5 g3 21. hxg3 fxg3 22. Bxg3 Qb6+ 23. Nf2 h4 24. Bh2 Bh6 25. Rc2 Be3 26. Nc7 Qxb3 27. axb3 Rc8 28. Bd3 h3 29. Ne6 Rxc2 30. Bxc2 hxg2 31. Kxg2 Nh4+ 32. Kg3 Ng6 33. Nh3 Nh5+ 34. Kg2 Nh4+ 35. Kh1 Rxf3 36. Rxf3 Nxf3 37. Bd1 Nxh2 38. Bg4 Nxg4 39. Kg2 Ngf6 40. Kf3 Bd4 41. Nhg5 Bxe6 42. Nxe6 Bxb2 43. Nd8 Bd4 44. Nxb7 Ne8 45. Kg4 Nhf6+ 46. Kf5 Kf7 47. Nd8+ Ke7 48. Nc6+ Kf8 49. b4 Kf7 50. b5 Ng7+ 51. Kg5 Nd7 52. Nd8+ Ke8 53. Nc6 Be3+ 54. Kg6 Kf8 55. Nd8 Ne8 56. Kf5 Nc5 57. b6 Nd7 58. b7 Nb8 59. Ke6 Nc7+ 60. Kxd6 Nb5+ 61. Kxe5 Ke7 62. Nc6+ Nxc6+ 63. dxc6 Ba7 64. Kd5 Bb8 65. Kc5 Nc7 66. Kb6 Kd6 67. Ka5 Kxc6 68. Kb4 Kxb7 69. Kc4 Kc8 70. Kd4 Kd7 71. Ke5 Ke7 72. Kf5 Ne8 73. e5 Bc7 74. Ke4 Bd8 75. Kd4 Bc7 76. Kd5 Bb8 77. Ke4 Ke6 78. Kf4 Nc7 79. Kg5 Nd5 80. Kg4 Ne7 81. Kf3 Bxe5 82. Ke3 Kd5 83. Kd3 Nc6 84. Ke3 Nd4 85. Kf2 Ke4 86. Kg2 Nf3 87. Kh3 Kf4 88. Kg2 Ke3 89. Kh3 Kf4 90. Kg2 Kg4 91. Kf2 Bd4+ 92. Ke2 Ne5 93. Kd2 Kf4 94. Ke2 Ke4 95. Kd2 Nc6 96. Ke2 Bc3 97. Kf2 Nd4 98. Kg3 Bd2 99. Kg4 Bf4 100. Kh3 Kf3 101. Kh4 Ne6 102. Kh5 Ke4 103. Kg6 Ke5 104. Kf7 Nc5 105. Ke8 Bg5 106. Kf7 Kf5 107. Ke8 Ke6 108. Kf8 Bf6 109. Kg8 Kf5 110. Kf7 Ke5 111. Ke8 Ke6 112. Kf8 Nd7+ 113. Ke8 Ne5 114. Kf8 Bg5 115. Ke8 Nf7 116. Kf8 Bh6+ 117. Ke8 Bg5 118. Kf8 Bh4 119. Ke8 Nd6+ 120. Kf8 Bf6 121. Kg8 Nf5 122. Kh7 Ne7 123. Kh6 Kf5 124. Kh5 Ng6 125. Kh6 Nf4 126. Kh7 Be7 127. Kg8 Kg6 128. Kh8 Ne6 129. Kg8 Bd6 130. Kh8 Ng5 131. Kg8 Nf7 1/2-1/2

[Event "Titled Tuesday intern op 19th Apr Early"]
[Site "Chess.com INT"]
[Date "2022.04.19"]
[Round "4"]
[White "Khabinets, Ivan"]
[Black "Barbashin, Igor"]
[Result "1-0"]
[WhiteElo "1980"]
[BlackElo "2169"]
[PlyCount "51"]
[EventDate "2022.04.19"]
[EventType "swiss (blitz)"]
[EventRounds "11"]
[EventCountry "USA"]
[SourceTitle "EXT 2023"]
[Source "ChessBase"]
[SourceDate "2022.10.05"]
[SourceVersion "1"]
[SourceVersionDate "2022.10.05"]
[SourceQuality "1"]

1. Nf3 Nf6 2. c4 c5 3. Nc3 Nc6 4. e3 d6 5. d4 cxd4 6. exd4 g6 7. d5 Nb8 8. Bd3 Bg7 9. 0-0 0-0 10. Qc2 Nbd7 11. b3 a6 12. Bb2 Nc5 13. Rfe1 e5 14. dxe6 Bxe6 15. Ng5 Nxd3 16. Qxd3 Bf5 17. Qd2 Qd7 18. Nf3 Rfe8 19. Nd5 Ne4 20. Qc1 Rad8 21. Bxg7 Kxg7 22. Qb2+ f6 23. Rxe4 Bxe4 24. Nxf6 Qe6 25. Nxe8+ Kf7 26. Ng5+ 1-0

[Event "Titled Tuesday intern op 12th Apr Late"]
[Site "Chess.com INT"]
[Date "2022.04.12"]
[Round "3"]
[White "Fernandez Siles, Luis"]
[Black "Khabinets, Ivan"]
[Result "1-0"]
[WhiteElo "2229"]
[BlackElo "1980"]
[PlyCount "33"]
[EventDate "2022.04.12"]
[EventType "swiss (blitz)"]
[EventRounds "11"]
[EventCountry "USA"]
[SourceTitle "CBM 207 Extra"]
[Source "ChessBase"]
[SourceDate "2022.05.31"]
[SourceVersion "1"]
[SourceVersionDate "2022.05.31"]
[SourceQuality "1"]

1. e4 e5 2. Nf3 Nc6 3. Bc4 Nf6 4. d4 exd4 5. 0-0 Nxe4 6. Nc3 dxc3 7. Bxf7+ Kxf7 8. Qd5+ Ke8 9. Re1 Be7 10. Rxe4 Kf8 11. Bg5 d6 12. Rae1 Ne5 13. Rf4+ Bf6 14. Nxe5 Be6 15. Qxe6 dxe5 16. Rxf6+ gxf6 17. Bh6# 1-0